000
00247nam a2200121Ia 4500
100
_a
#N/A
650
_a
Computer/ IT
942
_c
BK
654
_a
j2ee
245
_a
J2EE - Sun Certified Enterprise for J2EE
260
_b
#N/A
546
_a
ENGLISH
999
_c
33678
_d
33678